|
|
|
|
| LEADER |
00000cam a2200000 7i4500 |
| 001 |
0000053616 |
| 005 |
20220105104159.0 |
| 008 |
151022 |
| 020 |
|
|
|a 9839593102
|
| 090 |
0 |
0 |
|a JP
|b MAL
|
| 245 |
1 |
0 |
|a Hari sukan
|
| 260 |
|
|
|a [s.n] :
|b Penerbitan Ria ,
|c [s.n]
|
| 490 |
1 |
|
|a Siri Kampung Ara
|
| 500 |
|
|
|a Children age 4-6 years old (yellow)
|
| 650 |
|
0 |
|a Junior preschool
|x Malay
|x Languages
|
| 999 |
|
|
|a 0000433074
|b Book
|c Children Collection
|e Cawangan Pontian
|
| 999 |
|
|
|a 0000573261
|b Book
|c Children Collection
|e Cawangan Pontian
|
| 999 |
|
|
|a 0000774493
|b Book
|c Children Collection
|e Cawangan Pontian
|
| 999 |
|
|
|a 0000774494
|b Book
|c Children Collection
|e Cawangan Pontian
|
| 999 |
|
|
|a 0000774495
|b Book
|c Children Collection
|e Cawangan Pontian
|
| 999 |
|
|
|a 0000774496
|b Book
|c Children Collection
|e Cawangan Pontian
|
| 999 |
|
|
|a 0000774497
|b Book
|c Children Collection
|e Cawangan Pontian
|
| 999 |
|
|
|a 0000867264
|b Book
|c Children Collection
|e Cawangan Segamat
|
| 999 |
|
|
|a 0000867265
|b Book
|c Children Collection
|e Cawangan Segamat
|